[Event "Premijer  Liga Crne Gore u sahu za 2015."]
[Site "Bar"]
[Date "2015.09.28"]
[Round "3.1"]
[White "Blagojevic, Dragisa"]
[Black "Roganovic, Milos"]
[Result "1/2-1/2"]
[WhiteElo "2486"]
[BlackElo "2526"]
[PlyCount "127"]
[EventDate "2015.09.26"]

1. d4 Nf6 2. c4 g6 3. Nf3 Bg7 4. g3 d5 5. cxd5 Nxd5 6. Bg2 Nb6 7. Nc3 Nc6 8. e3
O-O 9. O-O Re8 10. b3 e5 11. Nxe5 Nxe5 12. dxe5 Bxe5 13. Bb2 c6 14. Qc1 Qe7 15.
Ne4 Bf5 16. Bxe5 Qxe5 17. Nc5 Qc7 18. e4 Bg4 19. f3 Bc8 20. Qc3 Nd7 21. Nd3 Ne5
22. Nf2 Be6 23. h3 f5 24. f4 Nd7 25. Rfe1 Nf8 26. exf5 gxf5 27. Rad1 Qg7 28.
Qxg7+ Kxg7 29. Nd3 Rad8 30. Kf2 Kf6 31. Bf3 Bc8 32. Rxe8 Rxe8 33. Ne5 Ne6 34.
Ke3 h6 35. g4 Rd8 36. gxf5 Rxd1 37. Ng4+ Kg7 38. Bxd1 Nc7 39. f6+ Kf8 40. Kd4
Nb5+ 41. Kd3 Bf5+ 42. Kd2 Nc7 43. Bf3 h5 44. Ne3 Bxh3 45. Bxh5 Ne6 46. f5 Nc5
47. f7 Ne4+ 48. Kd3 Nd6 49. Bg6 c5 50. Ke2 Nxf7 51. Bxf7 Kxf7 52. Kf3 Kf6 53.
Kf4 b5 54. Nd5+ Kf7 55. Nc3 Bf1 56. Ne4 c4 57. b4 Bd3 58. Nc3 a6 59. Ke5 Bc2
60. Nd5 Bd3 61. a3 Bb1 62. Nc3 Bc2 63. Ne2 Bd1 64. Nc3 1/2-1/2

[Event "Premijer  Liga Crne Gore u sahu za 2015."]
[Site "Bar"]
[Date "2015.09.28"]
[Round "3.1"]
[White "Simic, Dragisa"]
[Black "Potpara, Nikola"]
[Result "0-1"]
[WhiteElo "2309"]
[BlackElo "2406"]
[PlyCount "62"]
[EventDate "2015.09.26"]

1. e4 c5 2. Nf3 e6 3. d4 cxd4 4. Nxd4 Nc6 5. Nc3 Qc7 6. Be2 Nf6 7. Be3 a6 8. f4
Bb4 9. Qd3 d5 10. e5 Ne4 11. O-O Nc5 12. Qd1 Ne7 13. Ndb5 axb5 14. Nxb5 Qc6 15.
Nd6+ Kf8 16. Bb5 Qc7 17. a3 Ba5 18. b4 Bb6 19. Ne8 Na6 20. Nxc7 Bxe3+ 21. Kh1
Nxc7 22. Bd3 h5 23. c4 g6 24. c5 h4 25. Rf3 d4 26. b5 Ncd5 27. a4 Kg7 28. a5
Bd7 29. Rf1 Nc3 30. Qb3 h3 31. g3 Rhc8 0-1

[Event "Premijer  Liga Crne Gore u sahu za 2015."]
[Site "Bar"]
[Date "2015.09.28"]
[Round "3.1"]
[White "Milanovic, Slavisa"]
[Black "Mrsevic, Miroslav"]
[Result "1/2-1/2"]
[WhiteElo "2381"]
[BlackElo "2268"]
[PlyCount "119"]
[EventDate "2015.09.26"]

1. c4 e5 2. Nc3 Nc6 3. Nf3 g6 4. d4 exd4 5. Nxd4 Bg7 6. Nxc6 dxc6 7. Qxd8+ Kxd8
8. Bg5+ Ke8 9. O-O-O Be6 10. e4 Nf6 11. h3 Nd7 12. Na4 c5 13. Be3 b6 14. f4 Rd8
15. g4 Nb8 16. Rxd8+ Kxd8 17. Bd3 h5 18. g5 Nc6 19. b3 Re8 20. e5 Nb4 21. Bb1
Kc8 22. h4 Bg4 23. Rh2 Nc6 24. Rd2 Nd8 25. Nc3 Ne6 26. Be4 Nd8 27. Nb5 Kb8 28.
Nc3 Kc8 29. Nd5 Bh3 30. Kc2 Bg4 31. Rf2 Bd7 32. Kd3 Nc6 33. Nf6 Re7 34. Kc3 Nd8
35. a3 Bc6 36. Nd5 Re8 37. b4 cxb4+ 38. axb4 Bb7 39. Ra2 Kb8 40. Rd2 Ne6 41.
Bg2 Rd8 42. Bh3 Bc8 43. Ne7 Rxd2 44. Bxd2 Bd7 45. Be3 Bf8 46. Nd5 Bg7 47. Ne7
Bf8 48. Ng8 a5 49. bxa5 bxa5 50. f5 Bb4+ 51. Kb3 gxf5 52. Nf6 Nf8 53. Nxh5 Be1
54. Nf6 Bxh4 55. Bc5 Ne6 56. Nxd7+ Kc8 57. Bxf5 Kxd7 58. Be3 Ke7 59. g6 fxg6
60. Bxg6 1/2-1/2

[Event "Premijer  Liga Crne Gore u sahu za 2015."]
[Site "Bar"]
[Date "2015.09.28"]
[Round "3.1"]
[White "Sukovic, Andrej"]
[Black "Rajkovic, Dusan"]
[Result "0-1"]
[WhiteElo "1999"]
[BlackElo "2367"]
[PlyCount "94"]
[EventDate "2015.09.26"]

1. e4 c5 2. Nf3 e6 3. d4 cxd4 4. Nxd4 Nc6 5. Nc3 a6 6. g3 Qc7 7. Bg2 Nf6 8. O-O
h6 9. Re1 Nxd4 10. Qxd4 Bc5 11. Bf4 d6 12. Qd2 e5 13. Be3 Be6 14. Bxc5 Qxc5 15.
Rad1 Ke7 16. Nd5+ Bxd5 17. exd5 Rac8 18. c3 Rhe8 19. a3 Kf8 20. Qd3 g6 21. h3
Kg7 22. Kh2 Qxf2 23. Rf1 Qb6 24. Qf3 Qd8 25. Rf2 Rc7 26. g4 Nh7 27. Rdf1 Qg5
28. Qe4 Qh4 29. Qb4 Rd7 30. c4 Rc8 31. Qe1 Qd8 32. b3 b5 33. Rc2 bxc4 34. bxc4
Rc5 35. Be4 Nf6 36. Bd3 Nh7 37. Rcf2 Ng5 38. h4 Nh7 39. Rf3 Rb7 40. Kg3 Rcc7
41. Qe4 Nf8 42. Rf6 Qxf6 43. Rxf6 Kxf6 44. g5+ hxg5 45. hxg5+ Kg7 46. Bc2 Rb2
47. Ba4 Nh7 0-1

[Event "Premijer  Liga Crne Gore u sahu za 2015."]
[Site "Bar"]
[Date "2015.09.28"]
[Round "3.1"]
[White "Raicevic, Momcilo"]
[Black "Vih, Antun"]
[Result "0-1"]
[WhiteElo "2368"]
[BlackElo "2116"]
[PlyCount "114"]
[EventDate "2015.09.26"]

1. c4 Nf6 2. g3 e6 3. Nf3 b6 4. Bg2 Bb7 5. O-O c5 6. Nc3 Be7 7. d4 cxd4 8. Qxd4
d6 9. b3 Nbd7 10. Rd1 a6 11. Bb2 O-O 12. e4 Qc7 13. Rac1 Rad8 14. Qe3 Rfe8 15.
Ne1 Qb8 16. h3 Bc6 17. Nd3 Qa8 18. Kh2 Nc5 19. f3 d5 20. cxd5 exd5 21. Nxd5
Bxd5 22. Nxc5 Bxc5 23. Qg5 h6 24. Qh4 Bc6 25. Bxf6 gxf6 26. Qxf6 Rxd1 27. Rxd1
Bf8 28. Rc1 Re6 29. Qf4 Qd8 30. h4 Bd6 31. Rd1 Qe7 32. Qg4+ Rg6 33. Qc8+ Kh7
34. f4 Bxf4 35. gxf4 Rxg2+ 36. Kxg2 Qxe4+ 37. Kf2 Qf3+ 38. Ke1 Qe3+ 39. Kf1
Bb5+ 40. Kg2 Qe2+ 41. Kg3 Qxd1 42. Qf5+ Kg8 43. Qc8+ Kg7 44. Qc3+ Kh7 45. Qf6
Qd3+ 46. Kf2 Qg6 47. Qe5 Bc6 48. h5 Qg2+ 49. Ke3 Qd5 50. Qc7 Qc5+ 51. Kd2 Bd5
52. Qd8 Be6 53. Qd3+ Qf5 54. Qxa6 Qa5+ 55. Qxa5 bxa5 56. Kc3 Bg4 57. a4 Bxh5
0-1

[Event "Premijer  Liga Crne Gore u sahu za 2015."]
[Site "Bar"]
[Date "2015.09.28"]
[Round "3.1"]
[White "Cetkovic, Miodrag"]
[Black "Bujisic, Vlastimir"]
[Result "1/2-1/2"]
[WhiteElo "2136"]
[BlackElo "2186"]
[Annotator "user"]
[PlyCount "120"]
[EventDate "2015.09.26"]

1. e4 e5 2. Nf3 Nf6 3. Nc3 Nc6 4. d4 exd4 5. Nd5 Be7 6. Bf4 d6 7. Nxd4 Nxd5 8.
exd5 Nxd4 9. Qxd4 O-O 10. O-O-O Bf6 11. Qd2 Bf5 12. f3 h6 13. g4 Bh7 14. Kb1
Re8 15. h4 g5 16. hxg5 hxg5 17. Qh2 Bxc2+ 18. Qxc2 gxf4 19. Qh7+ Kf8 20. Qh6+
Bg7 21. Qxf4 Qf6 22. Qxf6 Bxf6 23. Rh2 c5 24. dxc6 bxc6 25. Rc2 Rab8 26. b3 Re3
27. Rxc6 Rxf3 28. Rcxd6 Rf2 29. R6d2 Rf4 30. Be2 Re8 31. Bb5 Rb8 32. Rf1 Rxf1+
33. Bxf1 Rd8 34. Rf2 Bh4 35. Rf5 f6 36. Kc2 Ke7 37. Bd3 Rc8+ 38. Bc4 Kd6 39.
Rd5+ Kc6 40. Rf5 Kb6 41. Rb5+ Kc6 42. a4 Rc7 43. b4 Re7 44. Rc5+ Kd6 45. Rd5+
Kc6 46. Ra5 Kb6 47. Ra6+ Kb7 48. b5 Re5 49. Rd6 f5 50. gxf5 Rxf5 51. a5 Rc5 52.
Kd3 Be1 53. a6+ Kc7 54. Rh6 Bf2 55. Rh7+ Kb6 56. Rb7+ Ka5 57. b6 Rc8 58. bxa7
Ra8 59. Rb5+ Ka4 60. Rf5 Rd8+ {...} 1/2-1/2

[Event "Premijer  Liga Crne Gore u sahu za 2015."]
[Site "Bar"]
[Date "2015.09.28"]
[Round "3.3"]
[White "Milanovic, Danilo"]
[Black "Bogosavljevic, Boban"]
[Result "1-0"]
[WhiteElo "2462"]
[BlackElo "2520"]
[PlyCount "83"]
[EventDate "2015.09.26"]

1. d4 Nf6 2. c4 e6 3. Nc3 Bb4 4. e3 O-O 5. Nge2 d5 6. a3 Bd6 7. cxd5 exd5 8. g3
c6 9. Bg2 a5 10. O-O Re8 11. Qc2 b6 12. f3 c5 13. Rd1 Nc6 14. dxc5 Bxc5 15. Nf4
Bb7 16. Kh1 Ne5 17. Na4 Bd6 18. Qf2 Rc8 19. Nc3 Nc4 20. b3 Be5 21. bxc4 Bxc3
22. Rb1 Rxc4 23. e4 Qc8 24. Qxb6 Ba8 25. Nxd5 Nxd5 26. exd5 Bd4 27. Qxa5 Re2
28. Bf1 Rc5 29. Qb4 Rec2 30. Rxd4 Rxc1 31. Rxc1 Rxc1 32. Kg1 Bb7 33. Kf2 g6 34.
Rd2 Ba6 35. Bxa6 Qxa6 36. Qb8+ Rc8 37. Qb4 h5 38. d6 Rc1 39. d7 Qf1+ 40. Ke3
Qe1+ 41. Kd4 Qg1+ 42. Kd5 1-0

[Event "Premijer  Liga Crne Gore u sahu za 2015."]
[Site "Bar"]
[Date "2015.09.28"]
[Round "3.3"]
[White "Miljkovic, Miroslav D"]
[Black "Tadic, Branko"]
[Result "0-1"]
[WhiteElo "2493"]
[BlackElo "2488"]
[PlyCount "106"]
[EventDate "2015.09.26"]

1. d4 d6 2. Nf3 f5 3. c4 g6 4. g3 Bg7 5. Bg2 Nf6 6. O-O O-O 7. Nc3 Qe8 8. Re1
Qf7 9. e4 fxe4 10. Nxe4 Nc6 11. b3 Nxe4 12. Rxe4 e5 13. Be3 Bf5 14. Ng5 Qe7 15.
Rh4 h6 16. Bd5+ Kh8 17. Nf3 h5 18. Bg5 Qd7 19. dxe5 dxe5 20. Nd2 Nd4 21. Bxb7
Rae8 22. Bg2 Bc2 23. Qf1 Qf5 24. Be3 Bd3 25. Qd1 Bc2 26. Qe1 Bf6 27. g4 Qd7 28.
g5 Bg7 29. Rc1 Bd3 30. Kh1 Nf5 31. Rh3 e4 32. Nf1 Nxe3 33. Nxe3 Qd8 34. Nd5
Qxg5 35. Rg3 Qe5 36. Rxg6 e3 37. f4 Rxf4 38. Nxf4 Qxf4 39. Rg3 e2 40. Rc3 Bxc3
41. Qxc3+ Re5 42. Qe1 Qc1 43. Qxc1 e1=Q+ 44. Qxe1 Rxe1+ 45. Bf1 Bxf1 46. Kg1
Bxc4+ 47. Kf2 Re2+ 48. Kf3 Rxa2 49. bxc4 Ra3+ 50. Ke4 Rxg3 51. hxg3 a5 52. c5
Kg7 53. Kd5 Kf6 0-1

[Event "Premijer  Liga Crne Gore u sahu za 2015."]
[Site "Bar"]
[Date "2015.09.28"]
[Round "3.3"]
[White "Benderac, Srdjan"]
[Black "Miljanic, Boro"]
[Result "1/2-1/2"]
[WhiteElo "2296"]
[BlackElo "2378"]
[PlyCount "20"]
[EventDate "2015.09.26"]

1. e4 g6 2. d4 Bg7 3. Nc3 c6 4. Nf3 d6 5. h3 Nd7 6. Bg5 b5 7. Bd3 b4 8. Ne2 c5
9. O-O Bb7 10. c3 cxd4 1/2-1/2

[Event "Premijer  Liga Crne Gore u sahu za 2015."]
[Site "Bar"]
[Date "2015.09.28"]
[Round "3.3"]
[White "Kontic, Djordjije"]
[Black "Tomic, Aleksandar"]
[Result "0-1"]
[WhiteElo "2314"]
[BlackElo "2298"]
[PlyCount "78"]
[EventDate "2015.09.26"]

1. Nc3 c5 2. Nf3 Nc6 3. e4 g6 4. Bb5 Bg7 5. O-O Nd4 6. Re1 Nxb5 7. Nxb5 d6 8.
c3 Nf6 9. d4 a6 10. Na3 cxd4 11. cxd4 O-O 12. Bg5 Be6 13. h3 h6 14. d5 Bc8 15.
Bd2 b5 16. Bc3 Qb6 17. b4 Nxe4 18. Bd4 Bxd4 19. Nxd4 Nc3 20. Qd2 Nxd5 21. Re4
Kg7 22. Rc1 e5 23. Rc6 Qd8 24. Nf3 Bb7 25. Qxd5 Qe8 26. Nxe5 dxe5 27. Rxg6+
fxg6 28. Qxb7+ Rf7 29. Qb6 Qc8 30. Qe3 Qe6 31. Nb1 Raf8 32. Nd2 Rxf2 33. Nf3
R2xf3 34. gxf3 Qxh3 35. Kf2 Qh2+ 36. Ke1 Rc8 37. Rxe5 Qh1+ 38. Ke2 Rc2+ 39. Kd3
Qd1+ 0-1

[Event "Premijer  Liga Crne Gore u sahu za 2015."]
[Site "Bar"]
[Date "2015.09.28"]
[Round "3.3"]
[White "Kisic, Bozidar"]
[Black "Milovic, Jovan"]
[Result "1-0"]
[WhiteElo "2173"]
[BlackElo "2338"]
[PlyCount "109"]
[EventDate "2015.09.26"]

1. c4 e6 2. g3 h5 3. h4 Nh6 4. Bg2 c5 5. Nc3 Nc6 6. d3 Nf5 7. Nf3 b6 8. a3 Bb7
9. e4 Nfd4 10. Nxd4 cxd4 11. Ne2 a5 12. b3 Be7 13. f4 f6 14. Bb2 Bc5 15. Ng1
Qc7 16. Nf3 O-O-O 17. O-O g5 18. hxg5 h4 19. gxf6 Rdg8 20. Ng5 Rxg5 21. fxg5
Qxg3 22. Qf3 Qxg5 23. Bc1 Qg6 24. Qh3 Ne5 25. b4 axb4 26. axb4 Bxb4 27. Ba3 Bd2
28. Bd6 Nf7 29. Bf4 Bxf4 30. Rxf4 Rh5 31. Kh1 Rg5 32. Bf3 Ne5 33. Rf1 Qf7 34.
Be2 Ng6 35. Rg4 Rf5 36. Qg2 Ne5 37. Rxf5 exf5 38. Rg8+ Kc7 39. Qh2 Qxf6 40. Qf4
d6 41. Rg5 Bc8 42. exf5 Qh6 43. Kh2 Bd7 44. Kg1 Bc8 45. Kh2 Bd7 46. Kg1 Bc8 47.
f6 Bd7 48. Bh5 h3 49. Kh2 Qh7 50. f7 Nxf7 51. Bxf7 Qxd3 52. Qf2 Qc3 53. Rg3 Qa1
54. Bd5 Qd1 55. Ra3 1-0

[Event "Premijer  Liga Crne Gore u sahu za 2015."]
[Site "Bar"]
[Date "2015.09.28"]
[Round "3.3"]
[White "Aleksic, Nenad C"]
[Black "Lekic, Lazar"]
[Result "1/2-1/2"]
[WhiteElo "2268"]
[BlackElo "2037"]
[PlyCount "66"]
[EventDate "2015.09.26"]

1. c4 e5 2. Nc3 Nc6 3. Nf3 g6 4. d4 exd4 5. Nxd4 Bg7 6. e3 Nge7 7. Be2 Nxd4 8.
exd4 d5 9. O-O O-O 10. cxd5 Nxd5 11. Bf3 Be6 12. Ne4 b6 13. Ng5 Bf5 14. Qa4 Qd6
15. Ne4 Qd7 16. Qxd7 Bxd7 17. Nc3 Nxc3 18. bxc3 Rac8 19. Be3 c5 20. Rfd1 cxd4
21. Bxd4 Bxd4 22. cxd4 Rc2 23. h3 Rfc8 24. a3 R8c3 25. d5 Rb3 26. Re1 Rbb2 27.
Re7 Bf5 28. Rd1 Kf8 29. Rxa7 Rxf2 30. Re1 Bxh3 31. Ree7 Bxg2 32. Rxf7+ Kg8 33.
Rg7+ Kf8 1/2-1/2

[Event "Premijer  Liga Crne Gore u sahu za 2015."]
[Site "Bar"]
[Date "2015.09.28"]
[Round "3.4"]
[White "Ivanisevic, Ivan"]
[Black "Sedlak, Nikola"]
[Result "1/2-1/2"]
[WhiteElo "2658"]
[BlackElo "2549"]
[PlyCount "87"]
[EventDate "2015.09.26"]

1. d4 Nf6 2. c4 g6 3. f3 Nc6 4. d5 Ne5 5. Qa4 c6 6. f4 Neg4 7. h3 Nh6 8. g4 Ne4
9. Bg2 Ng3 10. Rh2 Qb6 11. e3 f5 12. Bf3 Bg7 13. Nc3 O-O 14. Rg2 Bxc3+ 15. bxc3
Ne4 16. Bxe4 fxe4 17. Qc2 cxd5 18. cxd5 Qc5 19. c4 b5 20. cxb5 Qxb5 21. Rb1 Qd3
22. Rb3 Qxc2 23. Rxc2 Ba6 24. Ba3 Rfc8 25. Rbc3 Kf7 26. Ne2 Rxc3 27. Rxc3 Rc8
28. Rxc8 Bxc8 29. Nc3 Bb7 30. Bc5 a6 31. Kd2 e6 32. dxe6+ Kxe6 33. Kc2 Ng8 34.
Kb3 h5 35. f5+ gxf5 36. gxh5 Nf6 37. h6 Kf7 38. Kc4 Kg6 39. Bf8 Nh7 40. Bg7 Ng5
41. h4 Ne6 42. Ne2 Bc6 43. Nd4 Nxd4 44. Kxd4 1/2-1/2

[Event "Premijer  Liga Crne Gore u sahu za 2015."]
[Site "Bar"]
[Date "2015.09.28"]
[Round "3.4"]
[White "Drasko, Milan"]
[Black "Markus, Robert"]
[Result "1/2-1/2"]
[WhiteElo "2446"]
[BlackElo "2621"]
[PlyCount "23"]
[EventDate "2015.09.26"]

1. Nf3 Nf6 2. g3 g6 3. Bg2 Bg7 4. O-O O-O 5. d4 d6 6. c4 Nbd7 7. Qc2 e5 8. Rd1
Re8 9. e4 c6 10. Nc3 Qc7 11. h3 b6 12. Be3 1/2-1/2

[Event "Premijer  Liga Crne Gore u sahu za 2015."]
[Site "Bar"]
[Date "2015.09.28"]
[Round "3.4"]
[White "Djukic, Nikola"]
[Black "Lekic, Dusan"]
[Result "1/2-1/2"]
[WhiteElo "2546"]
[BlackElo "2377"]
[PlyCount "42"]
[EventDate "2015.09.26"]

1. e4 e5 2. Nf3 Nc6 3. Bb5 a6 4. Ba4 Nf6 5. O-O Be7 6. Re1 b5 7. Bb3 d6 8. c3
O-O 9. h3 Nb8 10. d4 Nbd7 11. Nbd2 c5 12. Nf1 Re8 13. Ng3 Bf8 14. Bc2 cxd4 15.
cxd4 exd4 16. Nxd4 d5 17. exd5 Rxe1+ 18. Qxe1 Bb7 19. Nc6 Qc7 20. Qa5 Qxa5 21.
Nxa5 Bxd5 1/2-1/2

[Event "Premijer  Liga Crne Gore u sahu za 2015."]
[Site "Bar"]
[Date "2015.09.28"]
[Round "3.4"]
[White "Draganic, Veljko"]
[Black "Kalezic, Blazo"]
[Result "1/2-1/2"]
[WhiteElo "2375"]
[BlackElo "2435"]
[PlyCount "43"]
[EventDate "2015.09.26"]

1. e4 e6 2. d4 d5 3. Nc3 Nf6 4. e5 Nfd7 5. f4 c5 6. Nf3 Nc6 7. Be3 cxd4 8. Nxd4
Bc5 9. Qd2 O-O 10. g3 Nxd4 11. Bxd4 Bxd4 12. Qxd4 Nb8 13. O-O-O Nc6 14. Qf2 a6
15. Kb1 b5 16. Bg2 Bd7 17. Rhe1 b4 18. Ne2 a5 19. Nd4 Nxd4 20. Rxd4 Qb6 21. f5
exf5 22. Bxd5 1/2-1/2

[Event "Premijer  Liga Crne Gore u sahu za 2015."]
[Site "Bar"]
[Date "2015.09.28"]
[Round "3.4"]
[White "Pajkovic, Vladimir"]
[Black "Todorovic, Jovan"]
[Result "1/2-1/2"]
[WhiteElo "2421"]
[BlackElo "2394"]
[PlyCount "101"]
[EventDate "2015.09.26"]

1. Nf3 Nf6 2. c4 g6 3. Nc3 Bg7 4. e4 d6 5. d4 O-O 6. Be3 e5 7. dxe5 dxe5 8.
Qxd8 Rxd8 9. Nd5 Rd7 10. Nxf6+ Bxf6 11. c5 Nc6 12. Bb5 Rd8 13. Bxc6 bxc6 14.
Nd2 Be6 15. O-O-O a5 16. b3 a4 17. Kb2 Be7 18. Kc3 f5 19. g3 axb3 20. axb3 fxe4
21. Nc4 Rxd1 22. Rxd1 Bf6 23. h4 Kf7 24. Rd2 Bd5 25. Rb2 Ke6 26. b4 Ra4 27. Bh6
Be7 28. Ne3 Ra3+ 29. Kc2 Ba2 30. Bg5 Bf8 31. Bd8 h5 32. Bxc7 Bh6 33. Bd8 Bxe3
34. fxe3 Bc4 35. Bg5 Kf5 36. Kd1 Ra1+ 37. Kd2 Bd3 38. Kc3 Rc1+ 39. Kd2 Rf1 40.
Kc3 Kg4 41. Ra2 Kxg3 42. Ra7 Rc1+ 43. Kb2 Rb1+ 44. Kc3 Kf3 45. Kd2 Rxb4 46.
Rf7+ Kg4 47. Rf6 Rb2+ 48. Kd1 Rb1+ 49. Kd2 Rb2+ 50. Kd1 Rb1+ 51. Kd2 1/2-1/2

[Event "Premijer  Liga Crne Gore u sahu za 2015."]
[Site "Bar"]
[Date "2015.09.28"]
[Round "3.4"]
[White "Popadic, Dragan"]
[Black "Nikac, Predrag"]
[Result "0-1"]
[WhiteElo "2203"]
[BlackElo "2249"]
[PlyCount "52"]
[EventDate "2015.09.26"]

1. e4 c5 2. Nc3 a6 3. Nf3 Nc6 4. d4 cxd4 5. Nxd4 e6 6. Nb3 Nf6 7. Bd3 Be7 8.
Qe2 d6 9. Be3 O-O 10. O-O-O Qc7 11. Kb1 b5 12. Rc1 Ne5 13. f3 Nc4 14. Bxc4 bxc4
15. Nd2 d5 16. exd5 exd5 17. Bd4 Be6 18. Rhd1 Rab8 19. Ka1 Bc5 20. Be5 Qa5 21.
Bxb8 Rxb8 22. Ndb1 d4 23. Ne4 Rxb2 24. Kxb2 c3+ 25. Nexc3 dxc3+ 26. Nxc3 Ba3+
0-1

[Event "Premijer  Liga Crne Gore u sahu za 2015."]
[Site "Bar"]
[Date "2015.09.28"]
[Round "3.5"]
[White "Rapport, Richard"]
[Black "Arsovic, Zoran"]
[Result "1-0"]
[WhiteElo "2649"]
[BlackElo "2421"]
[PlyCount "95"]
[EventDate "2015.09.26"]

1. e4 e6 2. d4 d5 3. e5 c5 4. c3 Qb6 5. Nf3 Nc6 6. a3 Nh6 7. b4 cxd4 8. Bxh6
gxh6 9. cxd4 Bd7 10. Ra2 Rg8 11. h3 h5 12. g3 h4 13. g4 h5 14. g5 Ne7 15. Bd3
Bb5 16. Nc3 Bxd3 17. Qxd3 Nf5 18. Nxd5 exd5 19. Qxf5 a5 20. O-O Qe6 21. Qxe6+
fxe6 22. bxa5 Rxa5 23. Rc1 Be7 24. Rc8+ Bd8 25. Kg2 Kd7 26. Rac2 Rg7 27. R2c3
Rb5 28. Kf1 Rb2 29. R8c5 Bb6 30. Rc2 Rxc2 31. Rxc2 Bd8 32. Rb2 Kc6 33. a4 b6
34. Rc2+ Kb7 35. Nxh4 Bxg5 36. Nf3 Be7 37. Ne1 Rf7 38. Nd3 Rf8 39. Ke2 h4 40.
Rc1 Ra8 41. Rg1 Kc6 42. Rg7 Ba3 43. Nf4 Rxa4 44. Nxe6 Bb2 45. Kd3 b5 46. f4 b4
47. Rc7+ Kb6 48. Rb7+ 1-0

[Event "Premijer  Liga Crne Gore u sahu za 2015."]
[Site "Bar"]
[Date "2015.09.28"]
[Round "3.5"]
[White "Arsovic, Goran"]
[Black "Perunovic, Milos"]
[Result "0-1"]
[WhiteElo "2389"]
[BlackElo "2614"]
[PlyCount "76"]
[EventDate "2015.09.26"]

1. d4 Nf6 2. Nf3 e6 3. c4 c5 4. d5 d6 5. Nc3 exd5 6. cxd5 g6 7. Bf4 Bg7 8. Qa4+
Bd7 9. Qb3 Qc7 10. e4 O-O 11. Nd2 Nh5 12. Be3 f5 13. exf5 Bxf5 14. Be2 Nf6 15.
h3 Na6 16. a3 Rab8 17. Nb5 Qe7 18. O-O Nc7 19. Nxc7 Qxc7 20. a4 Kh8 21. Bf3 a6
22. Nc4 Nd7 23. Na3 Bxh3 24. Be2 Bf5 25. g4 Be4 26. f3 c4 27. Qd1 Bd3 28. Bxd3
cxd3 29. Qxd3 Ne5 30. Qd1 Rbe8 31. Rc1 Qd7 32. Bb6 Nxf3+ 33. Rxf3 Qxg4+ 34. Kf2
Rxf3+ 35. Qxf3 Rf8 36. Qxf8+ Bxf8 37. Be3 Be7 38. Rc4 Bh4+ 0-1

[Event "Premijer  Liga Crne Gore u sahu za 2015."]
[Site "Bar"]
[Date "2015.09.28"]
[Round "3.5"]
[White "Kosic, Dragan"]
[Black "Vlatkovic, Milos"]
[Result "1/2-1/2"]
[WhiteElo "2468"]
[BlackElo "2333"]
[PlyCount "120"]
[EventDate "2015.09.26"]

1. d4 Nf6 2. Bg5 e6 3. e4 c5 4. e5 h6 5. Bc1 Nd5 6. c4 Nc7 7. dxc5 Bxc5 8. Qg4
Kf8 9. Nf3 Nc6 10. a3 d5 11. h4 dxc4 12. Qxc4 Qd5 13. Nc3 Qxc4 14. Bxc4 Nd4 15.
Nxd4 Bxd4 16. Bf4 Bxc3+ 17. bxc3 b6 18. Be2 Bb7 19. O-O Ke7 20. a4 Rhc8 21. c4
Na6 22. a5 Nc5 23. Ra3 Rab8 24. Rb1 Nd7 25. axb6 axb6 26. Ra7 Be4 27. Rd1 Rb7
28. Ra3 Rc5 29. Bd2 Rcc7 30. Bb4+ Nc5 31. Rd6 f6 32. f4 Kf7 33. exf6 gxf6 34.
Re3 Ke7 35. Rd2 f5 36. Rg3 Rd7 37. Rg7+ Kd8 38. Rg8+ Ke7 39. Rxd7+ Rxd7 40. Rh8
Kd6 41. Rxh6 Rg7 42. Bf1 Rg3 43. Rh8 Rb3 44. Bxc5+ bxc5 45. h5 Ke7 46. Rc8 Kf6
47. Rxc5 Rb7 48. Rc8 Rh7 49. c5 Rxh5 50. Bb5 Rh6 51. Rf8+ Kg7 52. Rd8 Rg6 53.
Rd2 Kf6 54. c6 Rg7 55. Kf1 Bd5 56. Rc2 Rc7 57. Kf2 Ke7 58. Ke3 Kd6 59. Kd4 Bxc6
60. Bxc6 Rxc6 1/2-1/2

[Event "Premijer  Liga Crne Gore u sahu za 2015."]
[Site "Bar"]
[Date "2015.09.28"]
[Round "3.5"]
[White "Batricevic, Jovo"]
[Black "Petijevic, Vaso"]
[Result "0-1"]
[WhiteElo "2156"]
[BlackElo "2267"]
[PlyCount "124"]
[EventDate "2015.09.26"]

1. d4 Nf6 2. Bf4 d5 3. e3 Bf5 4. Bd3 Bxd3 5. cxd3 c6 6. h3 e6 7. Nf3 Bd6 8. Ne5
O-O 9. O-O Ne8 10. Qg4 Qe7 11. Nd2 f6 12. Nef3 Bxf4 13. exf4 Nd6 14. Rfe1 Re8
15. Re2 Nd7 16. Rae1 Nf8 17. Nh4 Qd7 18. Nf1 Re7 19. Ng3 Rae8 20. Re3 g6 21.
Qe2 Kf7 22. Nf1 Nf5 23. Nxf5 exf5 24. g4 Ne6 25. gxf5 Nxf4 26. fxg6+ hxg6 27.
Qf3 Nxh3+ 28. Kg2 Ng5 29. Qg3 Ne6 30. Qh4 Ng7 31. Nh2 g5 32. Qh6 Rxe3 33. fxe3
Nf5 34. Qh7+ Ke6 35. Qh3 Ke7 36. Ng4 Nh4+ 37. Kf2 Kd8 38. Ke2 Qd6 39. a3 Kc7
40. Rf1 Re6 41. Rf2 a6 42. Kd2 Kb6 43. Nh6 Ka7 44. Nf7 Qe7 45. Nh6 Rd6 46. Qg3
Rd8 47. Ng4 Rd6 48. Qg1 Re6 49. Qg3 f5 50. Ne5 c5 51. Kc2 cxd4 52. exd4 f4 53.
Qg4 Qf6 54. Kb1 Qf5 55. Qh5 Ng6 56. Qh7 g4 57. Rc2 f3 58. Rc7 Ne7 59. Qh8 Rxe5
60. dxe5 f2 61. Rxe7 f1=Q+ 62. Ka2 Q1xd3 0-1

[Event "Premijer  Liga Crne Gore u sahu za 2015."]
[Site "Bar"]
[Date "2015.09.28"]
[Round "3.5"]
[White "Maric, Bozo"]
[Black "Kraljevic, Ivan"]
[Result "1-0"]
[WhiteElo "2239"]
[BlackElo "2128"]
[PlyCount "63"]
[EventDate "2015.09.26"]

1. d4 Nf6 2. c4 g6 3. Nc3 d5 4. Bg5 Ne4 5. Bh4 Nxc3 6. bxc3 Bg7 7. e3 c5 8. Nf3
cxd4 9. cxd4 Nc6 10. Rb1 O-O 11. Be2 Re8 12. O-O b6 13. Qa4 Bd7 14. Qa3 dxc4
15. Bxc4 Na5 16. Ba6 Bc8 17. Bd3 Bb7 18. Rfc1 Rc8 19. Rxc8 Bxc8 20. Rc1 Bf6 21.
Bg3 Bb7 22. Ne5 Qd5 23. f3 Qe6 24. Rc7 Rc8 25. Rxc8+ Qxc8 26. Ng4 Bg7 27. Qxe7
Qc1+ 28. Kf2 Qd2+ 29. Be2 Ba6 30. Qe8+ Bf8 31. Nh6+ Kg7 32. Qxf7+ 1-0